000 00242nam a2200109Ia 4500
999 _c8368
_d8368
020 _a9780030211072
100 _aJoel Reedy Shauna
245 0 _aElectronic Marketing
260 _aNew Delhi
_bMcGraw -Hill
_c1983
300 _a448
942 _cBK